[Event "Helsingor Xtracon op"]
[Site "Helsingor"]
[Date "2016.07.27"]
[Round "6"]
[White "Skovgaard, Andreas"]
[Black "Rygg, Andreas Gangstad"]
[Result "1-0"]
[WhiteElo "1868"]
[BlackElo "1631"]
[PlyCount "43"]
[EventDate "2016.07.23"]
[EventType "swiss"]
[EventRounds "10"]
[EventCountry "DEN"]
[SourceTitle "CBM 173 Extra"]
[Source "ChessBase"]
[SourceDate "2016.08.29"]
[SourceVersion "1"]
[SourceVersionDate "2016.08.29"]
[SourceQuality "1"]

1. d4 Nf6 2. Nf3 c5 3. d5 b5 4. Bg5 Qa5+ 5. c3 d6 6. Bxf6 gxf6 7. e4 Bg7 8. Bd3 b4 9. 0-0 bxc3 10. Nxc3 f5 11. e5 dxe5 12. Nh4 e4 13. d6 exd3 14. Qf3 Qb4 15. Qxa8 Qxh4 16. d7+ Kxd7 17. Qxa7+ Ke6 18. Rfe1+ Be5 19. Qb6+ Kd7 20. Rxe5 Rg8 21. Rd5+ Ke8 22. Rd8# 1-0

[Event "Helsingor Xtracon op"]
[Site "Helsingor"]
[Date "2016.07.26"]
[Round "5"]
[White "Meurman, Arne"]
[Black "Skovgaard, Andreas"]
[Result "1-0"]
[WhiteElo "2035"]
[BlackElo "1868"]
[PlyCount "77"]
[EventDate "2016.07.23"]
[EventType "swiss"]
[EventRounds "10"]
[EventCountry "DEN"]
[SourceTitle "CBM 173 Extra"]
[Source "ChessBase"]
[SourceDate "2016.08.29"]
[SourceVersion "1"]
[SourceVersionDate "2016.08.29"]
[SourceQuality "1"]

1. e4 c5 2. Nf3 Nc6 3. d4 cxd4 4. Nxd4 Nf6 5. Nc3 d6 6. Bg5 Qa5 7. Bb5 Bd7 8. Nb3 Qd8 9. f4 a6 10. Be2 e6 11. Qd2 Be7 12. 0-0-0 b5 13. Bf3 Rc8 14. Kb1 h6 15. Bh4 b4 16. Bxf6 Bxf6 17. Ne2 Be7 18. Ned4 Nxd4 19. Nxd4 a5 20. Be2 Qb6 21. e5 d5 22. g4 a4 23. h4 b3 24. cxb3 axb3 25. Nxb3 Ba4 26. Rh3 Bb4 27. Qd4 Qxd4 28. Rxd4 Bxb3 29. Rxb4 Bc2+ 30. Kc1 0-0 31. Kd2 Bb1 32. Bd3 Bxa2 33. b3 Rc5 34. Rh1 Ra8 35. Rc1 Rca5 36. Rc7 Ra3 37. Bc2 Kf8 38. Rbb7 Bxb3 39. Bxb3 1-0

[Event "Helsingor Xtracon op"]
[Site "Helsingor"]
[Date "2016.07.23"]
[Round "1"]
[White "Zude, Erik"]
[Black "Skovgaard, Andreas"]
[Result "1-0"]
[WhiteElo "2403"]
[BlackElo "1868"]
[PlyCount "45"]
[EventDate "2016.07.23"]
[EventType "swiss"]
[EventRounds "10"]
[EventCountry "DEN"]
[SourceTitle "CBM 173 Extra"]
[Source "ChessBase"]
[SourceDate "2016.08.29"]
[SourceVersion "1"]
[SourceVersionDate "2016.08.29"]
[SourceQuality "1"]

1. d4 d5 2. c4 Nf6 3. cxd5 Qxd5 4. Nc3 Qh5 5. Bf4 Nd5 6. Bd2 Nc6 7. e3 Qxd1+ 8. Rxd1 Be6 9. a3 f5 10. Nge2 Nf6 11. g3 Bf7 12. Bg2 g6 13. 0-0 Bg7 14. Rc1 0-0 15. b4 e5 16. b5 Na5 17. dxe5 Ng4 18. Nd5 Nb3 19. Bb4 Nxc1 20. Rxc1 Bxe5 21. h3 Nh6 22. Rxc7 Bxc7 23. Ne7+ 1-0

[Event "Politiken Cup 37th"]
[Site "Helsingor"]
[Date "2015.07.29"]
[Round "6"]
[White "Zakariassen, Tom A"]
[Black "Skovgaard, Andreas"]
[Result "1/2-1/2"]
[WhiteElo "1798"]
[BlackElo "1649"]
[PlyCount "47"]
[EventDate "2015.07.25"]
[EventType "swiss"]
[EventRounds "10"]
[EventCountry "DEN"]
[SourceTitle "CBM 167 Extra"]
[Source "ChessBase"]
[SourceDate "2015.09.14"]
[SourceVersion "1"]
[SourceVersionDate "2015.09.14"]
[SourceQuality "1"]

1. f4 e6 2. Nf3 b6 3. e3 Nf6 4. d4 Bb7 5. Bd3 c5 6. c3 Nc6 7. Nbd2 cxd4 8. exd4 Nd5 9. Nc4 b5 10. Nce5 d6 11. Nxc6 Bxc6 12. 0-0 Be7 13. Qe2 a6 14. f5 exf5 15. Bxf5 0-0 16. Bd2 Re8 17. Qf2 Bf6 18. Bd3 Nb6 19. b3 Ra7 20. Rae1 Rxe1 21. Rxe1 Re7 22. Rxe7 Qxe7 23. Qe2 Qxe2 24. Bxe2 1/2-1/2

[Event "Politiken Cup 37th"]
[Site "Helsingor"]
[Date "2015.07.26"]
[Round "2"]
[White "Henrichsen, Jens"]
[Black "Skovgaard, Andreas"]
[Result "1/2-1/2"]
[WhiteElo "2047"]
[BlackElo "1649"]
[PlyCount "64"]
[EventDate "2015.07.25"]
[EventType "swiss"]
[EventRounds "10"]
[EventCountry "DEN"]
[SourceTitle "CBM 167 Extra"]
[Source "ChessBase"]
[SourceDate "2015.09.14"]
[SourceVersion "1"]
[SourceVersionDate "2015.09.14"]
[SourceQuality "1"]

1. d4 d5 2. c4 c6 3. Nf3 Nf6 4. e3 e6 5. Nc3 Nbd7 6. Bd3 Bd6 7. e4 dxe4 8. Nxe4 Nxe4 9. Bxe4 Nf6 10. Bc2 0-0 11. 0-0 h6 12. Qe2 Re8 13. b3 b6 14. Rd1 Qc7 15. Bb2 Be7 16. a3 a6 17. Re1 Bb7 18. Rad1 Rad8 19. Ne5 c5 20. Nxf7 Kxf7 21. Qxe6+ Kf8 22. Bg6 Bd6 23. Bxe8 Bxh2+ 24. Kh1 Rxe8 25. Qh3 Ne4 26. Qxh2 Nxf2+ 27. Kg1 Qxh2+ 28. Kxh2 Nxd1 29. Rxd1 Re2 30. Bc3 Rxg2+ 31. Kh3 Rf2 32. Rd3 Rf3+ 1/2-1/2

[Event "Politiken Cup 37th"]
[Site "Helsingor"]
[Date "2015.07.25"]
[Round "1"]
[White "Skovgaard, Andreas"]
[Black "Bengtsson, Tage"]
[Result "1/2-1/2"]
[WhiteElo "1649"]
[BlackElo "2076"]
[PlyCount "150"]
[EventDate "2015.07.25"]
[EventType "swiss"]
[EventRounds "10"]
[EventCountry "DEN"]
[SourceTitle "CBM 167 Extra"]
[Source "ChessBase"]
[SourceDate "2015.09.14"]
[SourceVersion "1"]
[SourceVersionDate "2015.09.14"]
[SourceQuality "1"]

1. e4 c5 2. Nf3 Nf6 3. Nc3 d5 4. exd5 Nxd5 5. Bc4 Nb6 6. Bb5+ N8d7 7. Na4 Nxa4 8. Bxa4 g6 9. d3 Bg7 10. 0-0 0-0 11. Re1 Nb6 12. Bb3 Qc7 13. c3 Bg4 14. h3 Bxf3 15. Qxf3 Rad8 16. Bg5 Rd7 17. Re3 e6 18. h4 Nd5 19. Re4 h6 20. Bd2 Nf6 21. Ra4 b5 22. Rf4 Qd8 23. Qc6 Rxd3 24. Be3 c4 25. Bc2 Rd5 26. Bc5 Qb8 27. Bxf8 Qxf4 28. Bc5 Qd2 29. Bxg6 fxg6 30. Qxe6+ Kh7 31. Bd4 Rxd4 32. cxd4 Qxd4 33. Qf7 b4 34. Rc1 c3 35. bxc3 bxc3 36. Qb3 Nd5 37. Rd1 Qxh4 38. Rxd5 h5 39. Rd7 Qe4 40. Qb7 Qe1+ 41. Kh2 Qe5+ 42. Kg1 c2 43. Qc7 Qa1+ 44. Kh2 c1Q 45. Rxg7+ Qxg7 46. Qxc1 Qe5+ 47. Kg1 a5 48. a4 Kg7 49. Qc6 Kf7 50. Qd7+ Kf6 51. Qd8+ Ke6 52. Qe8+ Kf5 53. Qd7+ Kg5 54. Qd2+ Kf6 55. Qd8+ Kg7 56. Qd7+ Kh6 57. Qd2+ Qg5 58. Qb2 Qd5 59. Qb5 Qd1+ 60. Kh2 Qd2 61. f3 Qf4+ 62. Kg1 Qb4 63. Kf2 Qd2+ 64. Qe2 Qxe2+ 65. Kxe2 Kg5 66. g3 Kf5 67. Ke3 g5 68. Kf2 Ke5 69. Ke3 Kd5 70. f4 g4 71. Kd3 Kd6 72. Ke4 Ke6 73. f5+ Ke7 74. Ke3 Kf7 75. Ke4 Kg7 1/2-1/2